000 00745nam a2200253Ia 4500
003 OSt
005 20250825161800.0
008 008 250623s9999 xx 000 0 eng d
020 _a978-15-8826379-7
037 _aTextbook
040 _aASTL
_beng
_cASTL
041 _aeng
_2eng
084 _qASTL
100 _aBekoe, Dorina A.
_9813683
_eeditor
245 0 _aEast Africa and the horn :
_bconfronting challenges to good governance
250 _a2nd ed.
260 _aUSA :
_bLynne Reinner Publishers,Inc.,
_c2006.
300 _a164 p.
490 _aInternational peace academy occasional paper series.
650 _aAfrican Studies
_933143
650 _aPolitical Science
942 _cTEXL
_2CC
_n0
999 _c1432160
_d1432160